Geography Spelling Quiz #3 - Statistics

General Stats
  • This quiz has been taken 34 times
  • The average score is 10 of 15
Answer Stats
Hint Answer % Correct
Capital of Lithuania Vilnius
94%
Capital of Moldova Chisinau
90%
Largest 'stan' country Kazakhstan
90%
Haiti is one half of this island Hispaniola
87%
Capital of Montenegro Podgorica
87%
Baku is the capital of this country Azerbaijan
84%
U.S. army base in Cuba Guantanamo
74%
Capital of Laos Vientiane
74%
Capital of Brunei Bandar Seri Begawan
65%
Second largest city in Pennsylvania Pittsburgh
65%
Second largest city in Arizona Tucson
61%
Third largest city in Ohio Cincinnati
58%
Russian territory bordered by Poland and Lithuania Kaliningrad
55%
Capital of Sri Lanka Sri Jayawardenepura Kotte
35%
Strait separating Sumatra and Malaysia Malacca Strait
26%
No matching quizzes found
Score Distribution
Percent of People with Each Score
Percentile by Number Answered
Your Score History
You have not taken this quiz